Word Search Logic Puzzle IV Quiz Stats

 Plays Quiz Updated Apr 1, 2017

Score 0/25 Timer 20:00
1 Play Today
Cell Letter % Correct





4
???
100%





25
???
99.5%





16
???
49.7%





12
???
45.2%





8
???
45%





7
???
42.1%





2
???
36.4%





13
???
36.2%





1
???
35.7%





14
???
33.2%





19
???
31.7%





6
???
30.5%





11
???
28.4%
Cell Letter % Correct





9
???
26.4%





10
???
23.8%





5
???
22.6%





21
???
14.4%





20
???
13.2%





23
???
11.4%





3
???
10.8%





24
???
10.3%





15
???
10%





22
???
8.8%





18
???
5.8%





17
???
5.7%

You're not logged in!

Compare scores with friends on all Sporcle quizzes.
OR
Log In

Show Comments

Extras

Top Quizzes Today


Score Distribution

Your Account Isn't Verified!

In order to create a playlist on Sporcle, you need to verify the email address you used during registration. Go to your Sporcle Settings to finish the process.

Report this User

Report this user for behavior that violates our Community Guidelines.

Details: